Arbre de filosofia d'amor ; Libre de oració ; L. de Deu ; De conexença de Deu ; Del es de Deu / Ramón Lull ; textos originales publicados é ilustrados con notas y variantes por Jerónimo Rosselló ; con prólogo de Miguel Costa y Llobera
Descripción Física:
XXVII, 489, [15] p. ; 25 cm
Colección:
Obras de Ramón Lull
MARC
| LEADER | 00000nam a2200000Ia 4500 | ||
|---|---|---|---|
| 001 | 14577 | ||
| 008 | 160829s1901 xx 000 0 cat d | ||
| 080 | |a L-1-411 | ||
| 100 | |a Llull, Ramon |9 64834 | ||
| 245 | |a Arbre de filosofia d'amor ; Libre de oració ; L. de Deu ; De conexença de Deu ; Del es de Deu / Ramón Lull ; textos originales publicados é ilustrados con notas y variantes por Jerónimo Rosselló ; con prólogo de Miguel Costa y Llobera | ||
| 260 | |a Palma de Mallorca : |b Impr. de las Hijas de Colomar, |c 1901 | ||
| 300 | |a XXVII, 489, [15] p. ; |c 25 cm | ||
| 490 | |a Obras de Ramón Lull | ||
| 590 | |a Notes. | ||
| 590 | |a Text en català, introducció i notes en castellà | ||
| 700 | 1 | |a Rosselló, Geroni, |d 1827-1902 |e editor |9 29194 | |
| 700 | |a Costa i Llobera, Miquel, pr. |9 28739 |e autor del pròleg | ||
| 901 | |a Arxiu | ||
| 942 | |n 1 |2 udc | ||
| 952 | |0 0 |1 0 |4 0 |6 L1411 |7 1 |9 44925 |a Arxiu |b Arxiu |d 2016-12-01 |l 0 |o L-1-411 |p 14577 |r 2016-12-01 00:00:00 |w 2016-12-01 |y ARXIU | ||
| 999 | |c 47524 |d 47524 | ||